| 000 | 01107nac a22002651u 4500 | ||
|---|---|---|---|
| 008 | 100923t xxu||||| |||| 00| 0 eng d | ||
| 010 | _a 90010034 | ||
| 020 | _a0387975950 | ||
| 020 | _a0387975977 | ||
| 020 | _a9780387975979 | ||
| 020 | _a9783540975977 | ||
| 082 | 0 | 0 |
_a686.22544 _bBEC |
| 100 |
_aBechtolsheim, Stephan _919890 |
||
| 245 | 1 | 0 |
_aTEX in Practice.V.3, Tokens, Macros / _cStephan von Bechtolsheim. |
| 260 |
_aNew York : _bSpringer-Verlag,c1993. _cc1993. |
||
| 300 |
_a4 v. : _bill. ; _c24 cm. |
||
| 490 |
_919889 _aMonographs in Visual Communication |
||
| 504 | _aIncludes bibliographical references and indexes. | ||
| 505 | 0 | _av. 1. Basics -- v. 2. Paragraphs, math, and fonts -- v. 3. Tokens, macros -- v. 4. Output routines, tables. | |
| 650 | 0 |
_aTeX (Computer system) _919891 |
|
| 650 | 0 |
_aComputerized typesetting. _919892 |
|
| 650 | 0 |
_aMathematics printing. _919893 |
|
| 942 |
_cBB _k686.22544BEC _2ddc |
||
| 999 |
_c4568 _d4568 |
||